Dāghūnah. (Record no. 66834)

MARC details
000 -LEADER
fixed length control field 00594cam a22002171 4500
001 - CONTROL NUMBER
control field sa 65010572
003 - CONTROL NUMBER IDENTIFIER
control field DLC
005 - DATE AND TIME OF LATEST TRANSACTION
control field 20260227112209.0
008 - FIXED-LENGTH DATA ELEMENTS--GENERAL INFORMATION
fixed length control field 960911s1961 pk 000 0 pusr
010 ## - LIBRARY OF CONGRESS CONTROL NUMBER
LC control number sa 65010572
025 ## - OVERSEAS ACQUISITION NUMBER
Overseas acquisition number PL480:P-Pushto-44
035 ## - SYSTEM CONTROL NUMBER
System control number (OCoLC)35520254
040 ## - CATALOGING SOURCE
Original cataloging agency DLC
Transcribing agency CLU
Modifying agency CLU
-- DLC
042 ## - AUTHENTICATION CODE
Authentication code premarc
050 00 - LIBRARY OF CONGRESS CALL NUMBER
Classification number PK6820.R23
Item number D3 1961
100 2# - MAIN ENTRY--PERSONAL NAME
Personal name Rāḥat Zākhelī, Rāḥat Allāh,
Dates associated with a name 1884-1962.
245 00 - TITLE STATEMENT
Title Dāghūnah.
Statement of responsibility, etc. Sayyid Rāḥ at Zākhelī.
260 ## - PUBLICATION, DISTRIBUTION, ETC.
Place of publication, distribution, etc. Pishāwar,
Name of publisher, distributor, etc. Sayyid Rāhat,
Date of publication, distribution, etc. 1961]
300 ## - PHYSICAL DESCRIPTION
Extent 256 p.
Dimensions 19 cm.
500 ## - GENERAL NOTE
General note Poems.

No items available.

Powered by Koha